| 000 | 01183cam a2200301 a 4500 | ||
|---|---|---|---|
| 999 |
_c128065 _d128065 |
||
| 001 | 17322747 | ||
| 003 | ARRUPE | ||
| 005 | 20180903090443.0 | ||
| 008 | 120529s2013 enk b 001 0 eng | ||
| 010 | _a 2012017794 | ||
| 020 | _a9780415663847 (hardback : alk. paper) | ||
| 020 | _a9780415663854 (pbk. : alk. paper) | ||
| 020 | _a9780203082782 (ebook) | ||
| 040 |
_aDLC _cDLC _dDLC |
||
| 042 | _apcc | ||
| 050 | 0 | 0 |
_aB430 _b.H835 2013 |
| 082 | 0 | 0 |
_a171/.3 _223 |
| 100 | 1 |
_aHughes, Gerard J. _941881 |
|
| 245 | 1 | 4 |
_aThe Routledge guidebook to Aristotle's Nicomachean ethics / _cGerard J. Hughes. |
| 246 | 3 | 0 | _aGuide book to Aristotle's Nicomachean ethics |
| 260 |
_aLondon ; _aNew York : _bRoutledge, _c2013. |
||
| 300 |
_ax, 272 p. ; _c21 cm. |
||
| 490 | 0 | _aThe Routledge guides to the great books | |
| 504 | _aIncludes bibliographical references (p. [245]-263) and index. | ||
| 600 | 0 | 0 |
_aAristotle. _tNicomachean ethics. _92950 |
| 650 | 0 |
_aEthics. _941882 |
|
| 906 |
_a7 _bcbc _corignew _d1 _eecip _f20 _gy-gencatlg |
||
| 942 |
_2lcc _cMONOGRAPH |
||